LDR 00894naa#a2200181#i#450# 001 RU\INFRA-M\bibl\126702 005 20260703070911.5 011 ## _a3033-8166 100 ## _a20260629b2026####ek#y0rusy0150####ca 102 ## _aRU 200 1# _aУправленческий учет в условиях цифровой экономики и формирование ее общей концепции _eЖурнальная статья 210 1# _aМосква _cОбщество с ограниченной ответственностью «Научно-издательский центр ИНФРА-М» _d2026 215 ## _a9 с. 608 ## _aЖурнальная статья _2local 675 ## _aБухгалтерия. Системы бухгалтерии. Бухгалтерские операции. 657.1 _z 700 #1 _aНизомов _gС. Ф. 700 #1 _aФайзиева _gН. Г. 856 4# _azh-szf.ru _u